000 01083nam0a22002771 4500
001 rc\4430779
005 20250612081855.0
021 _aRU
_b[57-55412]
035 _a(NLR Aleph) 008575515
090 _a8552277
_c8552277
100 _a20130416d1957 |||y0rusy50 ca
101 0 _arus
102 _aRU
105 _ay z |||||
200 1 _aОбучение русской грамоте в якутской школе
_fЯкут. респ. ин-т усовершенствования учителей
210 _aЯкутск
_cБ. и.
_d1957
215 _a31 с.
_d20
606 _aРусский язык
_xМетодика преподавания в нерусской школе
_2psbo
700 1 _7ca
_8rus
_aИванов
_bН. И.
_cпедагог-методист, рус. яз. в якутской шк.
_gНиколай Иванович
_92642476
_3RU\NLR\AUTH\770272741
801 0 _aRU
_bNLR
_gpsbo
801 1 _aRU
_bELAR
_2rusmarc
852 _aNLR
_bОНЛ
_jЯкут./2-833
852 _aNLR
_bОНЛ
_jЯкут./2-833
942 _cBOOK
980 _aNB